حماية المستهلك وتأثير المنافسة على سلامة المنتج / (رقم التسجيلة. 23325)

تفاصيل مارك
000 -الفاتح
حقل البيانات ثابتة الطول 00766nam a22002051a 4500
003 - محدد رقم الضبط
رقم الضبط OSt
005 - وقت وتاريخ اخر تعامل مع التسجيلة
رقم الضبط 20150408114035.0
008 - عناصر البيانات ثابتة الطول - معلومات عامة
حقل البيانات ثابتة الطول 120519s2012 ua ||||g b 00| 0 ara d
020 ## - الرقم الدولى المعيارى للكتب
الرقم الدولى المعيارى للكتاب 9789773790431
040 ## - مصدر الفهرسة
وكالة الفهرسة الأصلية عمادة شؤون المكتبات في جامعة المجمعة
082 04 - رقم تصنيف ديوى العشرى
رقم الطبعة 21
رقم التصنيف 381.34
رقم المادة 381.34 ح ف ع
100 1# - المدخل الرئيسى - إسم شخصى
الإسم الشخصى فتاك، علي
9 (RLIN) 14251
245 10 - بيان العنوان
العنوان حماية المستهلك وتأثير المنافسة على سلامة المنتج /
بيان المسئوليه,etc علي فتاك.
250 ## - بيان الطبعة
بيان الطبعة ط. 1.
260 ## - PUBLICATION, DISTRIBUTION, ETC. (IMPRINT)
مكان الناشر او الموزع الإسكندرية، مصر :
اسم الناشر او الموزع دار الفكر الجامعي،
تاريخ النشر أو التوزيع 2012
300 ## - الوصف المادى
التعداد 601 ص. ؛
أبعاد الوعاء 24 سم.
504 ## - تبصرة ببليوجرافية
تبصرة ببليوجرافية,الخ ببليوجرافية : ص. 545-580.
650 #7 - المدخل الاضافى بالموضوع-مصطلح موضوعى
مصدر الرأس أو المصطلح aucsh
مصطلح موضوعي أو اسم جغرافي كعنصر مدخل حماية المستهلك
9 (RLIN) 14209
942 ## - عناصر المدخل الإضافي( كوها)
مصدر التصنيف او مخطط الترفيف Dewey Decimal Classification
Koha [default] item type كتاب
المقتنيات
حالة الفقد نموذج السعر الفعال حالة تلف ليس للاعارة رقم الطلب رقم النسخة تاريخ الاكتساب الموقع الحالي الباركود موقع الترفيف الفرع الرئيسي Date last seen نوع المادة فى نظام كوها مصدر التصنيف او خطة الترفيف Total Checkouts
  2013-03-10   Not For Loan 381.34 381.34 ح ف ع 1 2012-05-29 المكتبة المركزية بالمجمعة (CL) 205925 stacks td المكتبة المركزية بالمجمعة (CL) 2013-03-10 كتاب Dewey Decimal Classification  
  2013-03-10     381.34 381.34 ح ف ع 2 2012-05-29 المكتبة المركزية بالمجمعة (CL) 205926 stacks td المكتبة المركزية بالمجمعة (CL) 2013-03-10 كتاب Dewey Decimal Classification  
  2013-03-10     381.34 381.34 ح ف ع 3 2012-05-29 المكتبة المركزية بالمجمعة (CL) 205927 stacks td المكتبة المركزية بالمجمعة (CL) 2013-03-10 كتاب Dewey Decimal Classification